Представление документа в формате RUSMARC

ПолеНазваниеЗначение
  Тип записи a
  Библиографический уровень m
001 Контрольный номер RU/ГПНТБ России/IBIS/Ш6(2=Р)7/В 751-251231585
005 Дата корректировки 20260617114517.4
010 Индекс ISBN __
a ISBN 978-5-4484-5573-5
b Уточнения в пер.
9 Тираж 800
100 Данные общей обработки __
a Данные общей обработки 20260617d2025 m y0rusy0250
101 Язык документа 0_
a Язык текста rus
102 Страна публикации __
a Страна публикации RU
105 Кодированные данные (монография) __
a Кодированные данные (монография) y z 000zy
181 Поле кодированных данных: вид содержания _0
a Код вида содержания (ISBD) i
182 Поле кодированных данных: тип средства _0
a Код типа средства (ISBD) n
200 Заглавие и сведения об ответственности 1_
a Заглавие Дело наследников в законе
e Сведения, относящиеся к заглавию роман
f Первые сведения об ответственности Андрей Воробьёв, Михаил Красносельский
203 Вид содержания и тип средства __
c Тип средства непосредственный
a Вид содержания Текст
210 Выходные данные 1_
a Место издания Москва
c Издательство Вече
d Дата издания 2025
215 Физическое описание __
a Объем 381, [2] с.
d Формат 21 см
225 Серия 2_
a Серия Любимый детектив
333 Примечание о целевом назначении __
a Примечание о целевом назначении информационная продукция для детей, достигших возраста шестнадцати лет
333 Примечание о целевом назначении __
a Примечание о целевом назначении для взрослых, общего характера
686 Индексы других классификаций __
2 Код системы rubbk
a Классификационный индекс Ш6(2=Р)7
686 Индексы других классификаций __
2 Код системы rugasnti
a Классификационный индекс 17.82.31
700 Автор _1
a Фамилия Воробьев
b Имя А. В.
g Полное личное имя Андрей Валерьевич
f Даты 1961-
4 Код отношения 070
701 Альтернативная интеллектуальная ответственность _1
a Фамилия Красносельский
b Имя М.
g Полное личное имя Михаил
4 Код отношения 070
801 Источник записи _0
b Организация ГПНТБ России
a Страна RU
c Дата составления 20260617
801 Источник записи _1
b Организация ГПНТБ России
a Страна RU
c Дата составления 20260617
852 Данные о местонахождении 5_
a Наименование организации ГПНТБ России
m Суффикс шифра хранения 11106174
b Сигла хранения ЦГБ
j Шифр хранения Ш6(2=Р)7
p Инвентарный номер RU
899 Данные о местонахождении __
a Местонахождение ГПНТБ России
p Штрих-код 11106174
b Место хранения ЦГБ
h Классификационная часть РШ Ш6(2=Р)7
i Авторский знак В 751
901 Тип документа __
a Ответственный заим.